000 00605nam a2200181Ia 4500
008 090124s9999 xx 000 0 und d
082 _b31043
_a1819
100 _aकाळे व.पु. (वसंत पुरुषोत्तम)
245 _a प्रेममयी
250 _a1
260 _c2001
300 _a162
600 _aकाळे व.पु. (वसंत पुरुषोत्तम)
630 _a प्रेममयी
700 _aकाळे व.पु. (वसंत पुरुषोत्तम)
730 _a प्रेममयी
942 _cBOOK
999 _c144523
_d144523